Organized labor in Japan Organized labor in present-day Japan, 1953-1961

Salvato in:
Dettagli Bibliografici
Autore principale: Ayusawa, Iwao
Natura: Libro
Lingua:Undetermined
Pubblicazione: Tokyo Foreign Affairs Association of Japan 1962
Soggetti:
Tags: Aggiungi Tag
Nessun Tag, puoi essere il primo ad aggiungerne! !
Thư viện lưu trữ: Trung tâm Học liệu Trường Đại học Cần Thơ
LEADER 00576nam a2200205Ia 4500
001 CTU_87814
008 210402s9999 xx 000 0 und d
082 |a 331.88 
082 |b A989/P.2 
100 |a Ayusawa, Iwao 
245 0 |a Organized labor in Japan 
245 0 |b Organized labor in present-day Japan, 1953-1961 
245 0 |c Iwao Ayusawa 
260 |a Tokyo 
260 |b Foreign Affairs Association of Japan 
260 |c 1962 
650 |a Labor unions 
650 |z Japan 
904 |i Trọng Hiếu 
980 |a Trung tâm Học liệu Trường Đại học Cần Thơ